Datum a čas kvízu
16.5
Celkem bodů
Celkový počet nahraných bodů na tomto kvízu bez doplňovacích otázek.
6.
Pořadí na kvízu
Konečné umístění týmu na tomto kvízu.
Zaznamenané odpovědi
| # | Otázka | Odpověď | Body | Výsledky |
|---|---|---|---|---|
| 1. | Legendární vlak Orient Express... | 0 | ||
| 2. | V Evropské unii začalo platit... | 1 | ||
| 3. | Slovenským potápěčům se podaři... | 1 | ||
| 4. | Minulý týden byl ohlášen konec... | 0 | ||
| 5. | Česká fotbalová reprezentace p... | 1 | ||
| 6. | Od 4. do 11. února 1945 se na... | 0 | ||
| 7. | Hlavním a největším městem Ukr... | 0 | ||
| 8. | Který z těchto mužů v současné... | 0 | ||
| 9. | Mezi nejtypičtější ukrajinské... | 0 | ||
| 10. | Ukrajina drží jeden zajímavý s... | 0 |